LEADER 02871nam 22005773u 450 001 9910790029603321 005 20230617021534.0 010 $a0-19-991052-9 035 $a(CKB)2670000000153464 035 $a(EBL)834786 035 $a(OCoLC)778339583 035 $a(SSID)ssj0000634714 035 $a(PQKBManifestationID)12241997 035 $a(PQKBTitleCode)TC0000634714 035 $a(PQKBWorkID)10642541 035 $a(PQKB)10379308 035 $a(MiAaPQ)EBC4701623 035 $a(MiAaPQ)EBC834786 035 $a(MiAaPQ)EBC4190928 035 $a(Au-PeEL)EBL4190928 035 $a(CaPaEBR)ebr10142512 035 $a(OCoLC)437175145 035 $a(EXLCZ)992670000000153464 100 $a20151116d2005|||| u|| | 101 0 $aeng 135 $aur|n|---||||| 181 $ctxt 182 $cc 183 $acr 200 10$aEnrique Granados$b[electronic resource] $ePoet of the Piano 210 $cOxford University Press, USA$d2005 215 $a1 online resource (671 p.) 300 $aDescription based upon print version of record. 311 $a0-19-981300-0 327 $a""Cover""; ""Title Page""; ""Copyright Page""; ""Foreword by Alicia de Larrocha""; ""Acknowledgements""; ""Map of Spain""; ""Contents""; ""Abbreviations""; ""Preface to the Paperback Edition""; ""Preludio: Renaissance""; ""1. A Born Pianist""; ""2. The Emerging Composer""; ""3. Works for Piano in a Central European Style""; ""4. Teacher, Conductor, Organizer""; ""5. Modernisme Catalan""; ""6. Catalan Works with Texts by Apeles Mestres""; ""7. La Maja de Goya""; ""8. Goyescas""; ""9. A World of Ideas""; ""Epi?logo: The Legacy of Granados""; ""Appendix 1: Genealogy"" 327 $a""Appendix 2: List of Works""""Notes""; ""Bibliography""; ""Index of Works""; ""General Index"" 330 $aEnrique Granados (1867-1916) is one of the most compelling figures of the late-Romantic period in music. During his return voyage to Spain after the premiere of his opera Goyescas in New York, a German submarine torpedoed the ship on which he and his wife were sailing and they perished in the waters of the English Channel. His death was mourned on both sides of the Atlantic as a stunning loss to the music world, for he had died at the pinnacle of his career and his late works held the promise of greater things to come. While Granados's tragic demise casts a pall over his life story, author Wal 606 $aComposers -- Spain -- Biography 606 $aGranados, Enrique, 1867-1916 615 4$aComposers -- Spain -- Biography. 615 4$aGranados, Enrique, 1867-1916. 676 $a780.92 676 $a780/.92 700 $aClark$b Walter Aaron$0930876 801 0$bAU-PeEL 801 1$bAU-PeEL 801 2$bAU-PeEL 906 $aBOOK 912 $a9910790029603321 996 $aEnrique Granados$92364452 997 $aUNINA LEADER 02670nam 2200481 450 001 9910813368703321 005 20200520144314.0 010 $a3-11-063460-0 010 $a3-11-063740-5 024 7 $a10.1515/9783110637403 035 $a(CKB)4100000007127707 035 $a(MiAaPQ)EBC5754707 035 $a(DE-B1597)507291 035 $a(OCoLC)1076402917 035 $a(DE-B1597)9783110637403 035 $a(Au-PeEL)EBL5754707 035 $a(EXLCZ)994100000007127707 100 $a20190521d2018 uy 0 101 0 $ager 135 $aurcnu|||||||| 181 $ctxt$2rdacontent 182 $cc$2rdamedia 183 $acr$2rdacarrier 200 10$aReligio?se Transformationen Im Ro?mischen Reich $eUrbanisierung, Reichsbildung und Selbst-Bildung Als Bausteine Religio?sen Wandels /$fJo?rg Ru?pke 210 1$aBerlin ;$aBoston :$cWalter de Gruyter GmbH,$d[2018] 210 4$d©2018 215 $a1 online resource (92 pages) 225 0 $aHans-Lietzmann-Vorlesungen ;$v16 311 $a3-11-063417-1 327 $tFrontmatter -- $tVorwort / $rBracht, Katharina -- $tInhalt -- $tEinleitung -- $tI. Das mediterrane Imperium Romanum als religionsgeschichtlicher Raum -- $tII. Veränderungen -- $tIII. Religiöse Transformationen im antiken Mittelmeerraum -- $tLiteraturverzeichnis 330 $aDie römische Kaiserzeit stellt insgesamt eine Epoche dar, deren religiöse Transformationen die nachantike mediterrane, europäische und westasiatische Religionsgeschichte geprägt haben. Trotz oder gerade wegen der Fülle der Details, die wir aus dieser Epoche kennen, bleibt der Versuch, ein Modell für die Beschreibung oder gar Erklärung dieser Veränderungen zu entwerfen, eine große Herausforderung.Jörg Rüpke nähert sich einem solchen Modell von zwei Seiten: Zum einen legt er für die Beschreibung den Interpretationsrahmen einer "gelebten antiken Religion" zu Grunde. Der individuellen Aneignung religiöser Traditionen und der daraus resultierenden Dynamik wird hohe Aufmerksamkeit eingeräumt, Gruppenbildungen werden erst als Folgeerscheinungen analysiert. Zum anderen wird der große politische Raum des Imperium selbst als struktureller Rahmen individuellen Handelns interpretiert, in dem neue Normen religiösen Handelns entwickelt werden. 606 $aRELIGION / History$2bisacsh 607 $aGermany$xReligion 615 7$aRELIGION / History. 676 $a293 700 $aRu?pke$b Jo?rg$0407918 801 0$bMiAaPQ 801 1$bMiAaPQ 801 2$bMiAaPQ 906 $aBOOK 912 $a9910813368703321 996 $aReligio?se Transformationen Im Ro?mischen Reich$94013366 997 $aUNINA